Civil accounts manual (Record no. 500630)

000 -LEADER
fixed length control field 00402cam a22001097a 4500
008 - FIXED-LENGTH DATA ELEMENTS--GENERAL INFORMATION
fixed length control field 180718b1981 xxu||||| |||| 00| 0 eng d
082 ## - DEWEY DECIMAL CLASSIFICATION NUMBER
Classification number L8037x54 In2
245 ## - TITLE STATEMENT
Title Civil accounts manual
Statement of responsibility, etc. by Ministry of Finance, Department of Expenditure, India
260 ## - PUBLICATION, DISTRIBUTION, ETC.
Place of publication, distribution, etc. Delhi
Name of publisher, distributor, etc. Ministry of Finance, Department of Expenditure
Date of publication, distribution, etc. 1981
300 ## - PHYSICAL DESCRIPTION
Extent 374+p.
700 ## - ADDED ENTRY--PERSONAL NAME
Personal name India.Department of Expenditure. Ministry of Finance
Holdings
Withdrawn status Lost status Damaged status Not for loan Permanent Location Current Location Date acquired Full call number Barcode Date last seen Price effective from Koha item type
        Indian Institute of Public Administration Indian Institute of Public Administration 2018-08-04 L8037x54 In2 G15644 2018-08-04 2018-08-04 G

Powered by Koha